000 00735nam a2200229 a 4500
999 _c9520
_d9520
001 9520
003 BD-JhCC
005 20180320173141.0
008 180318s1998 bg ||||| |||| 00| 0 eng d
035 _a(BD-JhCC)9520
040 _aBD-JhCC
_dBD-JhCC
041 _aeng
082 _a320.954
_bUMA 1998
100 _aউমর, বদরুদ্দীন
245 _aবাঙলাদেশের কৃষক ও কৃষক অান্দোলন /
_cবদরুদ্দীন উমর,
260 _aঢাকা :
_bজাতীয় গ্রন্থ প্রকাশন,
_c1998
300 _a171 p. :
_c24 cm.
650 _aFarmer Movement
_zBangladesh
650 _zIndia
942 _2ddc
_cBK